Cambridge International AS and A Level Mathematics : (Record no. 3775)
[ view plain ]
| 000 -LEADER | |
|---|---|
| fixed length control field | 01396nam a22002297a 4500 |
| 003 - CONTROL NUMBER IDENTIFIER | |
| control field | OSt |
| 005 - DATE AND TIME OF LATEST TRANSACTION | |
| control field | 20241026110444.0 |
| 008 - FIXED-LENGTH DATA ELEMENTS--GENERAL INFORMATION | |
| fixed length control field | 241026b ||||| |||| 00| 0 eng d |
| 020 ## - INTERNATIONAL STANDARD BOOK NUMBER | |
| International Standard Book Number | 9781316600429 |
| 040 ## - CATALOGING SOURCE | |
| Transcribing agency | KH8 |
| 082 ## - DEWEY DECIMAL CLASSIFICATION NUMBER | |
| Classification number | 510 DOB |
| 100 ## - MAIN ENTRY--PERSONAL NAME | |
| Personal name | Dobbs, Steve, |
| Relator term | author. |
| 245 ## - TITLE STATEMENT | |
| Title | Cambridge International AS and A Level Mathematics : |
| Remainder of title | Statistic 2 Coursebook / |
| Medium | Steve Dobbs, Jane Miller and Julian Gilbey. |
| 260 ## - PUBLICATION, DISTRIBUTION, ETC. | |
| Place of publication, distribution, etc. | Cambridge ; |
| Name of publisher, distributor, etc. | Cambridge University Press, |
| Date of publication, distribution, etc. | 2016. |
| 300 ## - PHYSICAL DESCRIPTION | |
| Extent | vii, 181 pages : |
| Dimensions | 28 cm. |
| 520 ## - SUMMARY, ETC. | |
| Summary, etc. | This popular series has been fully revised and updated to provide full coverage of the latest Cambridge AS and A Level Mathematics syllabus (9709). The renowned author team provide clear and detailed narrative explanations, combined with a variety of new material and questions, which have been added to all of the titles in the series to ensure that students continue to be engaged and have access to everything they need to master the mathematical skills required of the course. Along with full revisions of the content, this trusted and challenging series also has a refreshed appearance with each book continuing to cover one syllabus unit (except P2 an P3 which are covered in a combined volume) |
| 650 ## - SUBJECT ADDED ENTRY--TOPICAL TERM | |
| Topical term or geographic name entry element | Statistics |
| 650 ## - SUBJECT ADDED ENTRY--TOPICAL TERM | |
| Topical term or geographic name entry element | Mathematics coursebook |
| 700 ## - ADDED ENTRY--PERSONAL NAME | |
| Personal name | Miller, Jane, |
| Relator term | author. |
| 700 ## - ADDED ENTRY--PERSONAL NAME | |
| Personal name | Gilbey, Julian, |
| Relator term | author. |
| 942 ## - ADDED ENTRY ELEMENTS (KOHA) | |
| Source of classification or shelving scheme | |
| Koha item type | Teaching Resources |
| Withdrawn status | Lost status | Source of classification or shelving scheme | Damaged status | Not for loan | Collection code | Permanent Location | Current Location | Shelving location | Date acquired | Full call number | Barcode | Date last seen | Copy number | Price effective from | Koha item type |
|---|---|---|---|---|---|---|---|---|---|---|---|---|---|---|---|
| Teaching Resources | KH8 Senior School Library | KH8 Senior School Library | Staff Office | 2024-10-26 | 510 DOB | TRKHSL005883 | 2024-10-26 | 1 | 2024-10-26 | Teaching Resources | |||||
| Teaching Resources | KH8 Senior School Library | KH8 Senior School Library | Staff Office | 2024-10-26 | 510 DOB | TRKHSL005884 | 2024-10-26 | 2 | 2024-10-26 | Teaching Resources | |||||
| Teaching Resources | KH8 Senior School Library | KH8 Senior School Library | Staff Office | 2024-10-26 | 510 DOB | TRKHSL005885 | 2024-10-26 | 3 | 2024-10-26 | Teaching Resources | |||||
| Teaching Resources | KH8 Senior School Library | KH8 Senior School Library | Staff Office | 2024-10-26 | 510 DOB | TRKHSL005886 | 2024-10-26 | 4 | 2024-10-26 | Teaching Resources | |||||
| Teaching Resources | KH8 Senior School Library | KH8 Senior School Library | Staff Office | 2024-10-26 | 510 DOB | TRKHSL005887 | 2024-10-26 | 5 | 2024-10-26 | Teaching Resources | |||||
| Teaching Resources | KH8 Senior School Library | KH8 Senior School Library | Staff Office | 2024-10-26 | 510 DOB | TRKHSL005888 | 2024-10-26 | 6 | 2024-10-26 | Teaching Resources | |||||
| Teaching Resources | KH8 Senior School Library | KH8 Senior School Library | Staff Office | 2024-10-26 | 510 DOB | TRKHSL005889 | 2024-10-26 | 7 | 2024-10-26 | Teaching Resources | |||||
| Teaching Resources | KH8 Senior School Library | KH8 Senior School Library | Staff Office | 2024-10-26 | 510 DOB | TRKHSL005890 | 2024-10-26 | 8 | 2024-10-26 | Teaching Resources | |||||
| Teaching Resources | KH8 Senior School Library | KH8 Senior School Library | Staff Office | 2024-10-26 | 510 DOB | TRKHSL005891 | 2024-10-26 | 9 | 2024-10-26 | Teaching Resources | |||||
| Teaching Resources | KH8 Senior School Library | KH8 Senior School Library | Staff Office | 2024-10-26 | 510 DOB | TRKHSL005892 | 2024-10-26 | 10 | 2024-10-26 | Teaching Resources | |||||
| Teaching Resources | KH8 Senior School Library | KH8 Senior School Library | Staff Office | 2024-10-26 | 510 DOB | TRKHSL005893 | 2024-10-26 | 11 | 2024-10-26 | Teaching Resources |